000 02608cam a2200469 i 4500
001 17959783
003 NUST
005 20220318102823.0
008 131202s2014 njua 001 0 eng
010 _a 2013047828
020 _a9781118603680 (hardback : acidfree paper)
038 _aSAIF
040 _aDLC
_beng
_cDLC
_erda
_dDLC
042 _apcc
043 _an-us---
050 0 0 _aTH4860
_b.S74 2014
082 0 0 _a729.0286
_223
_bSIE
084 _aARC007000
_2bisacsh
100 1 _aStelmack, Annette.
_990650
245 1 0 _aSustainable residential interiors /
_cAnnette Stelmack ; Associates III, Kari Foster and Debbie Hindman.
250 _aSecond edition.
264 1 _aHoboken, New Jersey :
_bWiley,
_c[2014]
300 _a674 pages :
_bcolor illustrations ;
_c24 cm
336 _atext
_2rdacontent
337 _aunmediated
_2rdamedia
338 _avolume
_2rdacarrier
500 _aIncludes index.
520 _a"As college campuses and workplaces turn their attention to minimizing carbon footprints, sustainable design is an increasingly fashionable aspect of interior design and architecture. Sustainable Residential Interiors focuses on implementing 'Green' design practices and technologies that improve indoor environmental quality. This update to the prize-winning 1st Edition features extensive information on certifications, standards, and materials in compliance with the new LEED v4 rating system. Forward-thinking students and professionals who recognize the growing emphasis on 'Green' initiatives will gain the latest information on sustainable design in this book"--
_cProvided by publisher.
520 _a"A guide for interior designers and architects working on residential interiors, this book offers a comprehensive look at sustainable interior design practices and technologies"--
_cProvided by publisher.
563 _aH.B
650 0 _aSustainable design
_zUnited States.
_990651
650 0 _aEcological houses
_xDesign and construction.
_990652
650 0 _aSustainable engineering
_zUnited States.
_990653
650 0 _aInterior architecture
_zUnited States.
_933924
650 7 _aARCHITECTURE / Interior Design / General.
_2bisacsh
_990654
700 1 _aFoster, Kari.
_990655
700 1 _aHindman, Debbie.
_990656
776 0 8 _iOnline version:
_aFoster, Kari.
_tSustainable residential interiors
_bSecond edition.
_dHoboken : Wiley, 2014
_z9781118889749
_w(DLC) 2013048401
906 _a7
_bcbc
_corignew
_d1
_eecip
_f20
_gy-gencatlg
942 _2ddc
_cBK
999 _c588845
_d588845